01545nam a2200349 a 4500001001200000003000800012006001900020007001500039008004100054010001700095020002800112040002100140035002000161050002300181082002700204100002800231245013300259260004700392300001700439490006100456504006600517533015200583650005800735650006600793650005900859650003800918655002900956710001700985830005001002856012601052999001701178ebr10018024CaPaEBRm u cr cn|||||||||991229s2000 ctu sb 001 0 eng  z 99462054  z0313314004 (alk. paper) aCaPaEBRcCaPaEBR a(OCoLC)7075899614aHV91b.S555 2000eb04a362.5/82/0973090432211 aSingleton, Jeff,d1947-14aThe American doleh[electronic resource] :bunemployment relief and the welfare state in the Great Depression /cJeff Singleton. aWestport, Conn. :bGreenwood Press,c2000. aviii, 243 p.1 aContributions in American history,x0084-9219 ;vno. 189 aIncludes bibliographical references (p. [227]-238) and index. aElectronic reproduction.bPalo Alto, Calif. :cebrary,d2013.nAvailable via World Wide Web.nAccess may be limited to ebrary affiliated libraries. 0aPublic welfarezUnited StatesxHistoryy20th century. 0aUnemployment insurancezUnited StatesxHistoryy20th century. 0aSocial securityzUnited StatesxHistoryy20th century. 0aDepressionsy1929zUnited States. 7aElectronic books.2local2 aebrary, Inc. 0aContributions in American history ;vno. 189.40uhttp://site.ebrary.com/lib/rucke/Doc?id=10018024zAn electronic book accessible through the World Wide Web; click to view c12445d12445